Inseminación artificial /
Guardado en:
| Autor Principal: | |
|---|---|
| Formato: | |
| Materias: | |
| Etiquetas: |
Agregar Etiqueta
Sin Etiquetas, Sea el primero en etiquetar este registro!
|
| LEADER | 00935ngm a22002535g 4500 | ||
|---|---|---|---|
| 001 | CEM.cems022241 | ||
| 008 | 130507b1996##################0###0#####d | ||
| 005 | 20241014164757.0 | ||
| 245 | 1 | 0 | |a Inseminación artificial / |c René Favaloro. |
| 300 | |a 16'. | ||
| 500 | |a En soporte VHS, consultar en ventanilla. | ||
| 505 | 0 | |a Importancia de la reproducción en las distintas sociedades. La esterilidad: causas y tratamiento. Implantes del embrión en el útero. El proceso de inseminación artificial. | |
| 538 | |a Soporte: VHS - Norma: Pal N - Color - Grabación DRD 1996 - Hitachi=5007 | ||
| 100 | 1 | |a Favaloro, René | |
| 082 | 6 | 1 | |. 8/FAV-2 |
| 653 | |a BIOLOGIA | ||
| 653 | |a ANATOMIA | ||
| 653 | |a SALUD | ||
| 653 | |a INSEMINACION ARTIFICIAL | ||
| 653 | |a CONCEPCION | ||
| 653 | |a ESTERILIDAD | ||
| 653 | |a NIVEL PRIMARIO | ||
| 653 | |a NIVEL SECUNDARIO | ||
| 859 | |a CEMS |b BIB. CEMS - Depto. Recursos Didacticos |h 611.8 |i FAV-2 |k DRD |p 884.12 |t Ej.1 | ||
